Nanotechnology : Environmental implications and solutions

Sparad:
Bibliografiska uppgifter
Huvudupphovsman: Theodore, Louis
Materialtyp: Bok
Språk:Undetermined
Publicerad: New Jersey Wiley-Interscience 2005
Ämnen:
Taggar: Lägg till en tagg
Inga taggar, Lägg till första taggen!
Thư viện lưu trữ: Trung tâm Học liệu Trường Đại học Cần Thơ
LEADER 00557nam a2200205Ia 4500
001 CTU_87554
008 210402s9999 xx 000 0 und d
020 |c 1599000 
082 |a 620.5 
082 |b T449 
100 |a Theodore, Louis 
245 0 |a Nanotechnology : 
245 0 |b Environmental implications and solutions 
245 0 |c Louis Theodore, Robert G. Kunz 
260 |a New Jersey 
260 |b Wiley-Interscience 
260 |c 2005 
650 |a Nanotechnology 
904 |i Trúc 
980 |a Trung tâm Học liệu Trường Đại học Cần Thơ